Statistiques concernant Quiz sur Lille

Cliquez ici pour prendre le quiz!

Statistiques générales

  • Ce quiz a été pris 720 fois
  • Le résultat moyen est 10 sur 15

Statistiques - réponses

QuestionRéponse% Correct
Quelle fête y est organisée chaque année en septembre ?La grande braderie
97%
Quel surnom est encore aujourd’hui donné à Lille ?La capitale des Flandres
93%
Qui est le maire de Lille depuis 2001 ?Martine Aubry
91%
Dans quel quartier peut-on trouver un marché les mardi, jeudi et dimanche ?Wazemmes
90%
Combien de lignes de métros sont disponibles à Lille ?2
88%
Quelle rivière française contourne la Citadelle de Lille ?La Deûle
88%
La chanson connue de tous les gens du Nord s'intitule :Le P'tit Quinquin
80%
Quel général français originaire de Lille a droit à son propre musée dans sa maison natale ?Charles de Gaulle
78%
Comment s'appelle la cathédrale de Lille ?Notre Dame de la Treille
78%
La patisserie Meert est célèbre pour ses :Gaufres
62%
Pour la venue à lille de Louis XIV, il a été construit :La Porte de Paris
52%
Comment s'appelait le stade principal de la ville de Lille, utilisé par le LOSC de 1975 à 2004 ?Stade Grimonprez-Jooris
47%
La ville de Lille a été rattachée à la France en :1667
36%
En quelle année est-elle inaugurée la ligne de métro de Lille, la première ligne de métro automatique au monde ?1983
33%
Quelle comtesse a fait édifier à Lille un hospice pour indigents ?Jeanne de Constantinople
6%

Distribution des résultats

Percentile par nombre de réponses

% des personnes avec chaque résultat

Votre développement - résultats

Vous n’avez pas pris ce quiz